| 000 | 02067cam a22001934a 4500 | ||
|---|---|---|---|
| 005 | 20250605165244.0 | ||
| 008 | 250528s ||||||||||||||||||||||||d | ||
| 035 | _a23592 | ||
| 040 |
_aGR-AtMCL _bgre _dGR-AtMCL _eAACR2 |
||
| 245 | 1 | _aΗ Χρήση των Κοινωνικών Δικτύων και της Σύγχρονης Τεχνολογίας στο Marketing και την Διάθεση Υπηρεσιών στην Αγορά. | |
| 260 | _c2016 | ||
| 300 | _a97 | ||
| 520 | _aΕισαγωγή στο Internet Marketing, η Σημασία των Επικοινωνιών, Τεχνολογία και Επικοινωνία, Internet, Χρήση του Internet, Ηλεκτρονικό Εμπόριο, Οφέλη από τη Χρήση του Internet, Internet Marketing, το Internet ως Μέσο Εμπορικής Επικοινωνίας, Πλεονεκτήματα του Internet Marketing, Inbound Marketing, Ηλεκτρονικά Επιχειρηματικά Μοντέλα και Διαδικτυακό Marketing, Συνεργατικό Marketing (Affiliate Marketing), Search Engine Marketing (SEM), Search Engine Optimization (SEO), Content - Viral - Permission Marketing, Εισαγωγή στα Social Media - Social Networks, Ορισμός των Social Media, Μορφές Κοινωνικής Δικτύωσης, Σελίδες Κοινωνικής Δικτύωσης, Facebook, Linkdln, Twitter, Google Plus, Blogs, YouTube, Οφέλη Κοινωνικών Δικτύων, Social Media Marketing, ο Ρόλος των Social Media στο Marketing, Social Commerce, Social Network Model for Marketing Strategies SNeM2S, Δείκτες Μέτρησης Απόδοσης (KPIs) για το Marketing στα Κοινωνικά Δίκτυα, Οφέλη και Πλεόνεκτηματα του Social Media Marketing, Συμπεράσματα Παράρτημα | ||
| 700 | 1 |
_aΘεοδωρόπουλος Ανδρέας _93878 |
|
| 700 | 1 |
_aΤιγανή Κωνσταντίνα _99179 |
|
| 942 | _cDS | ||
| 999 |
_c8593 _d8593 |
||